000 00757cam a2200241 a 4500
020 _a9781597180825
020 _a1597180823
040 _cBNG
082 _a519 STA 2001 A084 Or.
245 0 0 _aGetting started with Stata for Mac :
_brelease 12.
246 3 _aGetting started with Stata for Macintosh
246 1 4 _aStata release 12 :
_bgetting started with Stata for Mac
246 1 8 _aStata 12 :
_bgetting started with Stata for Mac
260 _aCollege Station, Tex. :
_bStataCorp LP,
_cc2011.
300 _av, 140 p. :
_bill. ;
_c24 cm.
500 _a"A Stata Press publication."
500 _aIncludes index.
650 0 _aSocial sciences
650 0 _aSocial sciences
650 0 _aSocial sciences
710 2 _aStataCorp LP.
942 _cEK
999 _c16513
_d16513